[Event "Frankfurt-chA"]
[Site "Frankfurt"]
[Date "2015.04.27"]
[Round "1"]
[White "Zimpfer, Andreas"]
[Black "Kletzerman, Simon"]
[Result "1-0"]
[WhiteElo "1890"]
[BlackElo "1531"]
[PlyCount "103"]
[EventDate "2015.04.27"]
[EventType "swiss"]
[EventRounds "7"]
[EventCountry "GER"]
[SourceTitle "EXT 2016"]
[Source "ChessBase"]
[SourceDate "2015.10.08"]
[SourceVersion "1"]
[SourceVersionDate "2015.10.08"]
[SourceQuality "1"]

1. d4 d5 2. c4 e6 3. cxd5 exd5 4. Nc3 c6 5. Qc2 Be6 6. Bf4 Bd6 7. Bxd6 Qxd6 8. e3 Ne7 9. Bd3 h6 10. Nge2 Nd7 11. 0-0 Nf6 12. f3 a6 13. e4 Nd7 14. e5 Qc7 15. f4 f5 16. exf6 Nxf6 17. Rae1 0-0-0 18. Na4 Bg8 19. Ng3 Bh7 20. Bxh7 Nxh7 21. Nc5 Nf8 22. f5 Ng8 23. Rf2 Nf6 24. Rfe2 Qf4 25. Qc3 N6d7 26. Nd3 Qd6 27. Re7 g6 28. a4 Rh7 29. R7e3 Rf7 30. Ne5 Rf6 31. b4 gxf5 32. Nh5 f4 33. Nxf6 fxe3 34. Nfxd7 Nxd7 35. Nf7 Qg6 36. Nxd8 Kxd8 37. b5 axb5 38. axb5 cxb5 39. Qa5+ Qb6 40. Qxb6+ Nxb6 41. Rb1 Kc7 42. Rxb5 Kc6 43. Rc5+ Kd6 44. Kf1 Nc4 45. Ke2 b6 46. Rc8 Kd7 47. Rh8 Kc6 48. Rxh6+ Kb5 49. g4 Ka5 50. g5 b5 51. g6 Nd6 52. g7 1-0

[Event "Karl Mala Memorial op-B 17th"]
[Site "Frankfurt"]
[Date "2014.08.01"]
[Round "2"]
[White "Kletzerman, Simon"]
[Black "Flach, Helene"]
[Result "1/2-1/2"]
[WhiteElo "1479"]
[BlackElo "1636"]
[PlyCount "163"]
[EventDate "2014.07.31"]
[EventType "swiss"]
[EventRounds "7"]
[EventCountry "GER"]
[SourceTitle "EXT 2015"]
[Source "ChessBase"]
[SourceDate "2014.11.20"]
[SourceVersion "1"]
[SourceVersionDate "2014.11.20"]
[SourceQuality "1"]

1. e4 e5 2. Nf3 Nc6 3. Bc4 Bc5 4. 0-0 Nf6 5. Nc3 d6 6. h3 Be6 7. Bxe6 fxe6 8. d3 h6 9. Na4 Bb6 10. Nxb6 axb6 11. a3 g5 12. Nh2 Qe7 13. Ng4 h5 14. Nxf6+ Qxf6 15. g3 0-0-0 16. c3 Rdf8 17. Be3 d5 18. Qd2 Rfg8 19. b4 d4 20. cxd4 exd4 21. Qb2 Ne5 22. Bc1 Nxd3 23. Qe2 Ne5 24. Ra2 d3 25. Qe3 g4 26. h4 Rd8 27. Bd2 Nf3+ 28. Kg2 Rhf8 29. Rc1 Nxd2 30. Rxd2 Qf3+ 31. Qxf3 Rxf3 32. Re1 Rd4 33. Re3 Rxe3 34. fxe3 Rd6 35. Kf2 e5 36. Ke1 c5 37. Rd1 c4 38. Kd2 Rc6 39. Kc3 Kb8 40. b5 Rc7 41. Rf1 Rc5 42. a4 Rc7 43. Rf5 Rd7 44. Rf2 Rc7 45. Kd2 Kc8 46. Kc3 Kd8 47. Rf5 Rd7 48. Rf1 Rc7 49. Rf5 Rd7 50. Rf2 Ke7 51. Rf1 d2 52. Rd1 Rd3+ 53. Kxc4 Rxe3 54. Rxd2 Rxe4+ 55. Kd5 Rxa4 56. Kxe5 Ra3 57. Kf4 Rf3+ 58. Kg5 Rxg3 59. Kxh5 Rg1 60. Kg5 g3 61. Kg4 Rb1 62. Kxg3 Rb3+ 63. Kf4 Rxb5 64. Kg4 Rb1 65. h5 Rg1+ 66. Kf5 Rf1+ 67. Kg6 Rg1+ 68. Kh7 Rf1 69. Rg2 Rf7+ 70. Kh6 Rf6+ 71. Rg6 b5 72. Kg5 Rxg6+ 73. hxg6 Kf8 74. Kf5 Kg7 75. Ke4 Kxg6 76. Kd3 Kf5 77. Kc3 Ke5 78. Kb4 Kd6 79. Kxb5 Kc7 80. Kc5 b6+ 81. Kb5 Kb7 82. Kb4 1/2-1/2

[Event "Karl Mala Memorial op-B 17th"]
[Site "Frankfurt"]
[Date "2014.08.01"]
[Round "3"]
[White "Urbach, Jens"]
[Black "Kletzerman, Simon"]
[Result "1/2-1/2"]
[WhiteElo "1599"]
[BlackElo "1479"]
[PlyCount "145"]
[EventDate "2014.07.31"]
[EventType "swiss"]
[EventRounds "7"]
[EventCountry "GER"]
[SourceTitle "EXT 2015"]
[Source "ChessBase"]
[SourceDate "2014.11.20"]
[SourceVersion "1"]
[SourceVersionDate "2014.11.20"]
[SourceQuality "1"]

1. e4 e5 2. Nf3 Nf6 3. Nxe5 Nxe4 4. Qe2 Qe7 5. Qxe4 d6 6. d4 f6 7. Nc3 dxe5 8. dxe5 Qxe5 9. Bd3 Bd6 10. Nd5 0-0 11. Qxe5 Bxe5 12. 0-0 Be6 13. Ne7+ Kh8 14. Nf5 Nd7 15. c3 Nc5 16. Bc2 Rae8 17. Be3 Bxf5 18. Bxf5 Bd6 19. Rfe1 Re5 20. Bc2 Rfe8 21. Re2 Ne4 22. Bxe4 Rxe4 23. Rae1 Bc5 24. Kf1 Bxe3 25. Rxe3 Rxe3 26. fxe3 Kg8 27. Ke2 Kf7 28. Rd1 Ke7 29. Rd4 c5 30. Rd2 Rc8 31. Rc2 b5 32. a3 c4 33. Rd2 g6 34. e4 Rc5 35. Kf3 h5 36. g3 g5 37. h3 Rc6 38. g4 h4 39. Rd5 a6 40. Ke3 Rd6 41. Kd4 Rc6 42. e5 fxe5+ 43. Rxe5+ Kf6 44. Rf5+ Kg6 45. Kd5 Rf6 46. Rxf6+ Kxf6 47. Kd6 a5 48. Kd5 Ke7 49. Ke5 Kd7 50. Kf5 Kd6 51. Kxg5 Ke5 52. Kxh4 Ke4 53. g5 Kd3 54. g6 Kc2 55. g7 Kxb2 56. g8Q Kxa3 57. Qf8+ Kb3 58. Qc5 b4 59. cxb4 axb4 60. Qd5 Kc3 61. Qf3+ Kb2 62. Qe4 Kb3 63. Qd5 Kc3 64. Kg4 b3 65. Qa5+ Kc2 66. Kf3 b2 67. Qa2 c3 68. Qa4+ Kc1 69. Qa3 Kc2 70. Qa2 Kc1 71. Qc4 Kc2 72. Qe2+ Kb3 73. Qb5+ 1/2-1/2

[Event "Frankfurt-chA"]
[Site "Frankfurt"]
[Date "2014.06.16"]
[Round "7"]
[White "Schindehuette, Frank"]
[Black "Kletzerman, Simon"]
[Result "1/2-1/2"]
[WhiteElo "1507"]
[BlackElo "1512"]
[PlyCount "84"]
[EventDate "2014.04.28"]
[EventType "swiss"]
[EventRounds "7"]
[EventCountry "GER"]
[SourceTitle "EXT 2015"]
[Source "ChessBase"]
[SourceDate "2014.11.20"]
[SourceVersion "1"]
[SourceVersionDate "2014.11.20"]
[SourceQuality "1"]

1. f4 Nf6 2. c4 e6 3. Nc3 d5 4. d4 dxc4 5. e4 Be7 6. Bxc4 0-0 7. Nf3 Bb4 8. Qc2 Nc6 9. Be3 Ng4 10. Ke2 Nxe3 11. Kxe3 Na5 12. Bd3 c5 13. Ne2 cxd4+ 14. Kf2 Nc6 15. h4 Ba5 16. h5 Nb4 17. Qc4 b6 18. Qb3 Nc6 19. Rac1 Bb7 20. Rc4 a6 21. Nexd4 Nxd4 22. Rxd4 Qe7 23. Qa4 Rfd8 24. a3 Rxd4 25. Qxd4 b5 26. h6 f6 27. hxg7 Rd8 28. Qe3 Kxg7 29. e5 f5 30. Ng5 Rh8 31. Qh3 Bb6+ 32. Ke2 Kg8 33. Qh6 Bd5 34. Rc1 Qd7 35. Bxf5 Bc4+ 36. Rxc4 exf5 37. Rc6 Bd8 38. Rxa6 Qb7 39. Re6 Qxg2+ 40. Kd3 Qf1+ 41. Kc2 Qc4+ 42. Kb1 Qf1+ 1/2-1/2

[Event "Frankfurt-chA"]
[Site "Frankfurt"]
[Date "2014.05.12"]
[Round "3"]
[White "Muthig, Holger"]
[Black "Kletzerman, Simon"]
[Result "0-1"]
[WhiteElo "1588"]
[BlackElo "1512"]
[PlyCount "55"]
[EventDate "2014.04.28"]
[EventType "swiss"]
[EventRounds "7"]
[EventCountry "GER"]
[SourceTitle "EXT 2015"]
[Source "ChessBase"]
[SourceDate "2014.11.20"]
[SourceVersion "1"]
[SourceVersionDate "2014.11.20"]
[SourceQuality "1"]

1. d4 d5 2. c4 e6 3. Nc3 Nf6 4. Bg5 Be7 5. Nf3 0-0 6. e3 Nbd7 7. Bd3 dxc4 8. Bxc4 Nb6 9. Bd3 Nfd5 10. Bxe7 Qxe7 11. e4 Nf4 12. 0-0 Nxd3 13. Qxd3 f5 14. e5 Bd7 15. Rac1 Bc6 16. Rfd1 Nd5 17. a3 a6 18. Nxd5 Bxd5 19. Qe3 f4 20. Qc3 c6 21. Qc5 Qf7 22. Qc3 Qh5 23. Qd3 Rf5 24. Rc3 Qh6 25. Qe2 Rh5 26. h3 Rf8 27. Nd2 Qg6 28. Kh2 0-1

[Event "Frankfurt-chA"]
[Site "Frankfurt"]
[Date "2014.05.05"]
[Round "2"]
[White "Leibold, Mathias"]
[Black "Kletzerman, Simon"]
[Result "1-0"]
[WhiteElo "1682"]
[BlackElo "1512"]
[PlyCount "91"]
[EventDate "2014.04.28"]
[EventType "swiss"]
[EventRounds "7"]
[EventCountry "GER"]
[SourceTitle "EXT 2015"]
[Source "ChessBase"]
[SourceDate "2014.11.20"]
[SourceVersion "1"]
[SourceVersionDate "2014.11.20"]
[SourceQuality "1"]

1. e4 e5 2. Bc4 Nf6 3. Nc3 Bb4 4. d3 Bxc3+ 5. bxc3 0-0 6. Bg5 h6 7. Bh4 c6 8. Nf3 d5 9. exd5 cxd5 10. Bxf6 Qxf6 11. Bxd5 Nc6 12. 0-0 Bg4 13. Rb1 Rab8 14. Qd2 Qd6 15. Bxc6 bxc6 16. Qe3 Rxb1 17. Rxb1 Rb8 18. Rb3 Rxb3 19. axb3 Qa3 20. Ne1 f6 21. h3 Be6 22. d4 Qd6 23. dxe5 Qxe5 24. Qxe5 fxe5 25. Kf1 Kf7 26. Ke2 Ke7 27. Nd3 Kd6 28. Ke3 g5 29. f3 a5 30. Ke4 c5 31. Nxe5 h5 32. Nd3 c4 33. Nc1 Bg8 34. Kd4 h4 35. bxc4 a4 36. c5+ Kc6 37. c4 Bh7 38. Na2 Kc7 39. Nb4 Bg6 40. Nd5+ Kb7 41. Kc3 Be8 42. Kb4 Bg6 43. Kxa4 Bxc2+ 44. Kb5 Bd3 45. c6+ Kc8 46. Kb6 1-0

[Event "Frankfurt-chA"]
[Site "Frankfurt"]
[Date "2012.06.11"]
[Round "6"]
[White "Lanz, Juergen"]
[Black "Kletzerman, Simon"]
[Result "1-0"]
[WhiteElo "1468"]
[BlackElo "1546"]
[PlyCount "63"]
[EventDate "2012.04.30"]
[EventType "swiss"]
[EventRounds "7"]
[EventCountry "GER"]
[SourceTitle "EXT 2013"]
[Source "ChessBase"]
[SourceDate "2012.11.22"]
[SourceVersion "1"]
[SourceVersionDate "2012.11.22"]
[SourceQuality "1"]

1. c4 Nf6 2. g3 e6 3. Bg2 c6 4. e4 d6 5. d4 Nbd7 6. Nc3 Be7 7. Nge2 0-0 8. 0-0 Nb6 9. b3 Qc7 10. Qc2 e5 11. d5 c5 12. h3 Bd7 13. Be3 Qc8 14. Kh2 Ne8 15. f4 f5 16. fxe5 dxe5 17. exf5 Bxf5 18. Be4 Nd6 19. g4 Bxe4 20. Nxe4 Nxe4 21. Qxe4 Bd6 22. Ng3 Nd7 23. Nf5 Qc7 24. g5 Rf7 25. Nxd6 Rxf1 26. Nb5 Qa5 27. Rxf1 Qxa2+ 28. Rf2 Qxb3 29. Nc7 Rc8 30. Ne6 b6 31. Qf3 Qa4 32. Qf7+ 1-0

[Event "Frankfurt-chA"]
[Site "Frankfurt"]
[Date "2012.06.04"]
[Round "5"]
[White "Kletzerman, Simon"]
[Black "Kraus, Roman"]
[Result "0-1"]
[WhiteElo "1546"]
[BlackElo "1647"]
[PlyCount "96"]
[EventDate "2012.04.30"]
[EventType "swiss"]
[EventRounds "7"]
[EventCountry "GER"]
[SourceTitle "EXT 2013"]
[Source "ChessBase"]
[SourceDate "2012.11.22"]
[SourceVersion "1"]
[SourceVersionDate "2012.11.22"]
[SourceQuality "1"]

1. e4 c6 2. d4 d5 3. e5 c5 4. c3 Nc6 5. Nf3 Bg4 6. Be2 e6 7. 0-0 Qb6 8. Be3 Qxb2 9. Qb3 Qxb3 10. axb3 cxd4 11. cxd4 Bb4 12. Na3 Nge7 13. h3 Bf5 14. g4 Be4 15. Ng5 Bg6 16. Nb5 Kd7 17. Na3 h6 18. Nf3 Be4 19. Nd2 Bxd2 20. Bxd2 Nxd4 21. Bd1 a6 22. f3 Bd3 23. Re1 Rac8 24. Re3 Bc2 25. Nxc2 Nxc2 26. Bxc2 Rxc2 27. Bb4 Ng6 28. Be1 Rhc8 29. Bg3 Ne7 30. Rf1 R8c3 31. Rxc3 Rxc3 32. b4 Nc6 33. Be1 Rb3 34. f4 Rxh3 35. b5 axb5 36. Kg2 Rd3 37. Bg3 b4 38. g5 h5 39. f5 exf5 40. Rxf5 Ke6 41. Rf4 b3 42. Rf2 Rc3 43. Bf4 Rc2 44. Rxc2 bxc2 45. Kf3 Nxe5+ 46. Ke2 b5 47. Kd2 c1Q+ 48. Kxc1 Nd3+ 0-1

[Event "Frankfurt-ch"]
[Site "Frankfurt"]
[Date "2008.06.16"]
[Round "7"]
[White "Fischer, Ulrich"]
[Black "Kletzerman, Simon"]
[Result "1/2-1/2"]
[WhiteElo "1256"]
[BlackElo "1592"]
[PlyCount "122"]
[EventDate "2008.04.28"]
[EventType "swiss"]
[EventRounds "7"]
[EventCountry "GER"]
[SourceTitle "EXT 2009"]
[Source "ChessBase"]
[SourceDate "2008.11.26"]
[SourceVersion "1"]
[SourceVersionDate "2008.11.26"]
[SourceQuality "1"]

1. e4 c5 2. Nf3 Nc6 3. d4 cxd4 4. Nxd4 e5 5. Nb5 d6 6. N1c3 a6 7. Na3 Be6 8. Nc4 b5 9. Ne3 Nd4 10. Ncd5 Ne7 11. Nxe7 Bxe7 12. c3 Nc6 13. Nd5 0-0 14. Be3 Rb8 15. g3 Re8 16. Bg2 Bf8 17. 0-0 Ne7 18. Nxe7+ Bxe7 19. Qc2 Qc8 20. Rfd1 b4 21. b3 bxc3 22. Rac1 Qd8 23. Qxc3 Rc8 24. Qb2 Rxc1 25. Rxc1 g5 26. Qe2 g4 27. Qxa6 Qa8 28. Qxa8 Rxa8 29. Rc2 Kg7 30. Bf1 d5 31. exd5 Bxd5 32. Bg2 e4 33. Bd4+ Kg6 34. Bc5 Kf6 35. Bxe7+ Kxe7 36. Rb2 f5 37. Bf1 Kd6 38. Rc2 Ke5 39. Bb5 h5 40. Kf1 f4 41. gxf4+ Kxf4 42. Ba4 h4 43. a3 Bb7 44. Rc7 Ba6+ 45. Kg1 h3 46. b4 Be2 47. Rc2 Kf3 48. Rc3+ Bd3 49. Bb5 Rd8 50. Bc6 Kf4 51. Rc1 Rc8 52. a4 Ke5 53. b5 Kd6 54. Rc3 Rc7 55. Rc1 Rc8 56. Rc3 Rb8 57. Rc1 Rc8 58. Rc3 Rd8 59. Rc1 Rb8 60. Rc3 Rc8 61. Rc1 Rc7 1/2-1/2

[Event "Frankfurt-ch"]
[Site "Frankfurt"]
[Date "2007.06.18"]
[Round "7"]
[White "Enders, Georg"]
[Black "Kletzerman, Simon"]
[Result "1-0"]
[WhiteElo "2042"]
[BlackElo "1534"]
[PlyCount "36"]
[EventDate "2007.04.30"]
[EventType "swiss"]
[EventRounds "7"]
[EventCountry "GER"]
[SourceTitle "EXT 2008"]
[Source "ChessBase"]
[SourceDate "2007.11.25"]
[SourceVersion "1"]
[SourceVersionDate "2007.11.25"]
[SourceQuality "1"]

1. e4 e5 2. Nc3 Nf6 3. f4 d6 4. Nf3 Nbd7 5. Bc4 exf4 6. d4 Nb6 7. Bb3 d5 8. Qe2 Be6 9. Bxf4 Bb4 10. Qb5+ Qd7 11. Qxb4 0-0-0 12. Nb5 dxe4 13. Ne5 Qe8 14. Nxa7+ Kb8 15. Nec6+ bxc6 16. Qxb6+ Ka8 17. Qa6 Bc8 18. Nxc8+ Kb8 1-0

[Event "Frankfurt-ch"]
[Site "Frankfurt"]
[Date "2007.05.07"]
[Round "2"]
[White "Krohne, Robert"]
[Black "Kletzerman, Simon"]
[Result "1-0"]
[WhiteElo "1785"]
[BlackElo "1534"]
[PlyCount "111"]
[EventDate "2007.04.30"]
[EventType "swiss"]
[EventRounds "7"]
[EventCountry "GER"]
[SourceTitle "EXT 2008"]
[Source "ChessBase"]
[SourceDate "2007.11.25"]
[SourceVersion "1"]
[SourceVersionDate "2007.11.25"]
[SourceQuality "1"]

1. e4 c5 2. Nf3 Nc6 3. d4 cxd4 4. Nxd4 e5 5. Nb5 d6 6. N1c3 a6 7. Na3 Be6 8. Be3 b5 9. Nd5 Rb8 10. Be2 Nce7 11. Nb4 Bc8 12. 0-0 Nf6 13. f3 h6 14. Qd2 Bb7 15. c4 a5 16. Nd5 Nexd5 17. cxd5 b4 18. Nc4 Be7 19. Bb6 Qd7 20. Bxa5 0-0 21. Bxb4 Nh5 22. g3 Nxg3 23. hxg3 Qh3 24. Bd3 Qxg3+ 25. Qg2 Qxg2+ 26. Kxg2 Ba6 27. Ba3 f5 28. Rad1 Bxc4 29. Bxc4 f4 30. Rh1 Rf6 31. Rh5 Rg6+ 32. Kf2 Bd8 33. Bb3 Bb6+ 34. Ke2 Rg2+ 35. Kd3 Rd8 36. Rhh1 Kh7 37. Rc1 Ba7 38. Rc6 Bb8 39. Rhc1 Rf2 40. Bd1 h5 41. Be2 g5 42. b4 h4 43. b5 Rd7 44. b6 h3 45. Rh1 h2 46. Kd2 g4 47. fxg4 f3 48. Ke3 Rxe2+ 49. Kxf3 Rxa2 50. Bc1 Rf7+ 51. Kg3 Rff2 52. Be3 Rf3+ 53. Kxf3 Kg6 54. Rc8 Ba7 55. bxa7 Rxa7 56. Rxh2 1-0

[Event "Frankfurt-ch"]
[Site "Frankfurt"]
[Date "2007.04.30"]
[Round "1"]
[White "Kletzerman, Simon"]
[Black "Mueller, Pascal"]
[Result "0-1"]
[WhiteElo "1534"]
[BlackElo "2033"]
[PlyCount "52"]
[EventDate "2007.04.30"]
[EventType "swiss"]
[EventRounds "7"]
[EventCountry "GER"]
[SourceTitle "EXT 2008"]
[Source "ChessBase"]
[SourceDate "2007.11.25"]
[SourceVersion "1"]
[SourceVersionDate "2007.11.25"]
[SourceQuality "1"]

1. e4 d5 2. exd5 Nf6 3. c4 c6 4. dxc6 Nxc6 5. Nc3 Bf5 6. a3 e5 7. d3 Bc5 8. Na4 Be7 9. Nf3 e4 10. Nh4 Be6 11. dxe4 Qxd1+ 12. Kxd1 Nxe4 13. Be3 Bxh4 14. Bd3 Nxf2+ 15. Bxf2 Bxf2 16. Ke2 Bd4 17. Rab1 Ne5 18. b3 Nxd3 19. Kxd3 Rd8 20. Ke4 0-0 21. h3 Rfe8 22. Kf3 Bf5 23. Rhe1 Bxb1 24. Rxb1 Re3+ 25. Kf4 Rde8 26. Rd1 R8e4+ 0-1

[Event "Frankfurt-ch"]
[Site "Frankfurt"]
[Date "2006.06.12"]
[Round "7"]
[White "Enders, Georg"]
[Black "Kletzerman, Simon"]
[Result "1-0"]
[WhiteElo "1791"]
[BlackElo "1461"]
[PlyCount "69"]
[EventDate "2006.04.24"]
[EventType "swiss"]
[EventRounds "7"]
[EventCountry "GER"]
[SourceTitle "EXT 2007"]
[Source "ChessBase"]
[SourceDate "2006.11.23"]
[SourceVersion "1"]
[SourceVersionDate "2006.11.23"]
[SourceQuality "1"]

1. e4 c5 2. Nf3 Nc6 3. d4 cxd4 4. Nxd4 Nxd4 5. Qxd4 e6 6. Nc3 Ne7 7. Be3 Nc6 8. Qd2 Be7 9. Be2 0-0 10. f4 f5 11. exf5 Rxf5 12. 0-0-0 a6 13. g4 Rf8 14. g5 b5 15. Kb1 b4 16. Na4 d5 17. b3 Bd6 18. Rhf1 d4 19. Bxd4 Nxd4 20. Qxd4 Be7 21. Qe4 Bd7 22. Bc4 Ra7 23. Bxe6+ Kh8 24. Qe3 Rc7 25. Rfe1 Qe8 26. Bxd7 Rxd7 27. Rxd7 Qxd7 28. Qxe7 Qf5 29. Qe4 Qxe4 30. Rxe4 h6 31. Rxb4 hxg5 32. fxg5 Kh7 33. Nc5 Rf5 34. Ne6 Re5 35. Rb6 1-0

[Event "Frankfurt-ch"]
[Site "Frankfurt"]
[Date "2006.05.08"]
[Round "3"]
[White "Liebert, Monika"]
[Black "Kletzerman, Simon"]
[Result "0-1"]
[WhiteElo "1105"]
[BlackElo "1461"]
[PlyCount "52"]
[EventDate "2006.04.24"]
[EventType "swiss"]
[EventRounds "7"]
[EventCountry "GER"]
[SourceTitle "EXT 2007"]
[Source "ChessBase"]
[SourceDate "2006.11.23"]
[SourceVersion "1"]
[SourceVersionDate "2006.11.23"]
[SourceQuality "1"]

1. e4 e5 2. Nf3 Nc6 3. d4 exd4 4. Nxd4 Bc5 5. Be3 Nxd4 6. Bxd4 Bxd4 7. Qxd4 Nf6 8. Nc3 0-0 9. Bd3 Ne8 10. 0-0 d6 11. Rfe1 c5 12. Qe3 Nc7 13. Nd5 Be6 14. c4 Nxd5 15. exd5 Bd7 16. b3 Re8 17. Qd2 Qf6 18. Rac1 b6 19. Rxe8+ Rxe8 20. Re1 Rxe1+ 21. Qxe1 g6 22. g3 Kg7 23. Qc1 Qf3 24. Bf1 Bf5 25. Qb2+ f6 26. Qc1 Be4 0-1

[Event "Frankfurt-ch"]
[Site "Frankfurt"]
[Date "2006.05.02"]
[Round "2"]
[White "Kletzerman, Simon"]
[Black "Gutacker, Stephan"]
[Result "0-1"]
[WhiteElo "1461"]
[BlackElo "1789"]
[PlyCount "60"]
[EventDate "2006.04.24"]
[EventType "swiss"]
[EventRounds "7"]
[EventCountry "GER"]
[SourceTitle "EXT 2007"]
[Source "ChessBase"]
[SourceDate "2006.11.23"]
[SourceVersion "1"]
[SourceVersionDate "2006.11.23"]
[SourceQuality "1"]

1. e4 e5 2. Nf3 Nc6 3. Bc4 Nf6 4. Ng5 d5 5. exd5 Na5 6. Bb5+ c6 7. dxc6 bxc6 8. Ba4 h6 9. Qf3 hxg5 10. Bxc6+ Nxc6 11. Qxc6+ Bd7 12. Qc3 Bd6 13. d3 Rc8 14. Qd2 Nd5 15. c3 f6 16. a3 Bc6 17. f3 Qd7 18. c4 Nf4 19. 0-0 Nxd3 20. b4 e4 21. g3 Nxc1 22. Rxc1 exf3 23. Re1+ Kf7 24. c5 Be5 25. Qxd7+ Bxd7 26. Ra2 Bd4+ 27. Rf2 Rce8 28. Rd1 Bxf2+ 29. Kxf2 Rxh2+ 30. Kxf3 g4+ 0-1

[Event "Frankfurt-ch"]
[Site "Frankfurt"]
[Date "2006.04.24"]
[Round "1"]
[White "Hierling, Stefan"]
[Black "Kletzerman, Simon"]
[Result "1-0"]
[WhiteElo "1923"]
[BlackElo "1461"]
[PlyCount "120"]
[EventDate "2006.04.24"]
[EventType "swiss"]
[EventRounds "7"]
[EventCountry "GER"]
[SourceTitle "EXT 2007"]
[Source "ChessBase"]
[SourceDate "2006.11.23"]
[SourceVersion "1"]
[SourceVersionDate "2006.11.23"]
[SourceQuality "1"]

1. e4 e6 2. d4 d5 3. exd5 exd5 4. Bd3 Nc6 5. c3 Bd6 6. h3 Nge7 7. Qh5 h6 8. f4 g6 9. Qf3 Bf5 10. g4 Bxd3 11. Qxd3 Qd7 12. Nf3 f6 13. b4 0-0-0 14. Na3 Rde8 15. Kd1 g5 16. f5 h5 17. Qf1 h4 18. Nc2 Kb8 19. a4 Nc8 20. a5 Nd8 21. b5 Bg3 22. Nb4 c6 23. bxc6 bxc6 24. Qa6 Nd6 25. Rb1 Nb5 26. Nxc6+ Nxc6 27. Rxb5+ Ka8 28. Rc5 Nb8 29. Qb5 Rd8 30. Qxd7 Rxd7 31. Bd2 Rd6 32. Kc2 Na6 33. Rb5 Re8 34. Kd3 Rd7 35. Rhb1 Rc8 36. R1b2 Rcc7 37. Be1 Bf4 38. Re2 Re7 39. Rxe7 Rxe7 40. Bd2 Bxd2 41. Kxd2 Rd7 42. Kd3 Nc7 43. Rc5 Kb7 44. c4 Rd6 45. cxd5 Nxd5 46. Ke4 Nf4 47. Ng1 Rd7 48. Rc1 Re7+ 49. Kf3 Ka6 50. Rc6+ Kxa5 51. Rxf6 Re1 52. Kf2 Rd1 53. Rd6 Rd2+ 54. Ke1 Rd3 55. f6 Re3+ 56. Kd2 Rd3+ 57. Kc2 Rg3 58. f7 Rxg1 59. f8Q Nxh3 60. Qb8 Nf4 1-0

[Event "Frankfurt-ch"]
[Site "Frankfurt"]
[Date "2005.05.23"]
[Round "4"]
[White "Kletzerman, Simon"]
[Black "Schukowski, Werner"]
[Result "1/2-1/2"]
[WhiteElo "1550"]
[BlackElo "1299"]
[PlyCount "166"]
[EventDate "2005.04.25"]
[EventType "swiss"]
[EventRounds "7"]
[EventCountry "GER"]
[SourceTitle "EXT 2006"]
[Source "ChessBase"]
[SourceDate "2005.11.24"]
[SourceVersion "1"]
[SourceVersionDate "2005.11.24"]
[SourceQuality "1"]

1. e4 e5 2. Nf3 Nc6 3. Bc4 Bc5 4. 0-0 d6 5. h3 Nd4 6. Nxd4 Bxd4 7. c3 Bb6 8. d4 exd4 9. cxd4 Ne7 10. Nc3 c6 11. d5 0-0 12. Bf4 Bc7 13. Re1 Ng6 14. Bg3 Ne5 15. Bb3 Bd7 16. f4 Bb6+ 17. Bf2 Bxf2+ 18. Kxf2 Qh4+ 19. g3 Qf6 20. Kg2 Ng6 21. Rc1 c5 22. Ba4 Bc8 23. Rc2 a6 24. Rf2 b5 25. Bc2 Re8 26. Qh5 Qd4 27. e5 Bb7 28. Re4 Bxd5 29. Rfe2 Bxe4+ 30. Nxe4 dxe5 31. Ng5 h6 32. Bxg6 fxg6 33. Qxg6 hxg5 34. fxg5 Qd5+ 35. Kh2 Qxa2 36. Qh5 Re6 37. g6 Rxg6 38. Qxg6 Rf8 39. h4 Qa1 40. Qe6+ Kh7 41. Qxe5 Qf1 42. Qh5+ Kg8 43. Qd5+ Qf7 44. Qxc5 Qc4 45. Qe5 a5 46. Kh3 b4 47. h5 a4 48. g4 a3 49. bxa3 bxa3 50. Qe6+ Qxe6 51. Rxe6 Rf2 52. Ra6 a2 53. g5 Kh7 54. Kg3 Rb2 55. Kf4 Rb4+ 56. Ke3 Rh4 57. Rxa2 Rxh5 58. Kf4 Rh4+ 59. Kg3 Rb4 60. Ra6 Rc4 61. Kf3 Rh4 62. Kg3 Rh1 63. Kg4 Rg1+ 64. Kf4 Rf1+ 65. Kg4 Rf8 66. Kh5 Rf1 67. g6+ Kg8 68. Ra8+ Rf8 69. Ra7 Rf1 70. Ra8+ Rf8 71. Ra7 Rf5+ 72. Kg4 Rf6 73. Ra8+ Rf8 74. Ra7 Rb8 75. Rc7 Re8 76. Rb7 Rc8 77. Rd7 Rc4+ 78. Kf5 Rc5+ 79. Ke6 Rc8 80. Ke7 Rf8 81. Rd8 Rxd8 82. Kxd8 Kf8 83. Kd7 Kg8 1/2-1/2